000 00330nam a2200133Ia 4500
005 20251222144851.0
008 251222s9999||||xx |||||||||||||| ||spa||
020 _a84-7432-223-5
082 _a791.437.2/V21
100 _aVale, Eugene
245 0 _aTécnicas del Guión para Cine y Televisión
264 _bGedisa
942 _cLIB
999 _c21617
_d21617